00405nam a2200121Ia 45000010005000000080041000050820023000461000063000692450085001322600024002179010027002419990015002682743241024s9999 xx 000 0 und d aRD/371.3/R426l/EPC aRepública Dominicana. Ministerio de Educación/INAFOCAM 0aLinea de Base de las Escuelas Wide World enseñanza para la comprensión (EPC) bSanto Domingoc2012 a15/1/2013 8:44:10 a.m. c8843d8843